Termodinámica técnica

Bibliographic Details
Main Authors: Kirillin, V.A., Sichev, V.V., Sheindlin, A.E.
Format: Section = Libro
Language:Undetermined
Spanish
Published: Moscú Mir Moscú 1974
Subjects:
LEADER 00502nam a2200205Ia 4500
008 240830s9999 xx 000 0 und d
040 |a CEDOC FIQ-RUSB / 621.4021 K58 
041 |a spa 
082 |a 621.4021 K58 
100 1 |a Kirillin, V.A. 
100 1 |b  Sichev, V.V. 
100 1 |c  Sheindlin, A.E. 
245 1 0 |a Termodinámica técnica 
260 |a Moscú  |b Mir Moscú  |c 1974 
300 |a 600 p 
650 7 |a TERMODINAMICA 
650 7 |b  TERMOTECNIA 
942 |c BK  |2 ddc 
991 |a TEXTO 
999 |c 14173